| 000 | 00801nam a2200253 a 4500 | ||
|---|---|---|---|
| 001 | 63789 | ||
| 003 | BD-RjUL | ||
| 005 | 20211209081231.0 | ||
| 008 | 170204s1985 us af b 001 0 eng d | ||
| 020 | _a0026169703 | ||
| 035 | _a(BD-RjUL)63919 | ||
| 040 |
_aBD-RjUL _beng _cBD-RjUL |
||
| 041 | _aeng | ||
| 082 |
_223 _a940.544941 _bTET 1985 |
||
| 100 | 1 |
_aTerraine, John _9189354 |
|
| 245 | 1 | 2 |
_aA time for courage : _bthe Royal Air Force in the European War, 1939-1945 / _cby John Terraine |
| 260 |
_aNew York, N.Y : _bMacmillan, _cc1985 |
||
| 300 |
_axix, 828 p. : _bill ; _c24 cm. |
||
| 504 | _aBibliography: p. 793-799 | ||
| 504 | _aIncludes index | ||
| 610 | 1 | 0 |
_aGreat Britain. _bRoyal Air Force _9189357 |
| 650 | 0 |
_aWorld War, 1939-1945 _xAerial operations, British _9189356 |
|
| 942 |
_2ddc _cBK |
||
| 999 |
_c63789 _d63789 |
||